Personajes anónimos del Evangelio: encuentro de Jesús en los Evangelios Sinópticos

שמור ב:
מידע ביבליוגרפי
מחבר ראשי: Bouyer, Vianney
פורמט: ספר
שפה:ספרדית
יצא לאור: Pamplona, España Verbo Divino 2013
סדרה:Cuadernos Bíblicos. 160
נושאים:
תגים: הוספת תג
אין תגיות, היה/י הראשונ/ה לתייג את הרשומה!

MARC

LEADER 00000cam a2200000 a 4500
001 UCD4403
003 CL-VaPUC
005 20250227152405.0
008 160708e20130000sp |||||||||||||||||spa|d
999 |c 365301  |d 365299 
020 |a 9788499456218 
040 |c Pontificia Universidad Católica de Valparaíso 
082 0 4 |a 226 BOU 2013  |2 21 
100 0 |a Bouyer, Vianney  |9 588064 
245 1 0 |a Personajes anónimos del Evangelio: encuentro de Jesús en los Evangelios Sinópticos 
260 0 3 |a Pamplona, España  |b Verbo Divino  |c 2013 
300 |a 63 páginas 
490 0 |a Cuadernos Bíblicos.  |v 160 
583 |a last modification  |c 20160708 23:22:00  |k Rodrigo Vera 
650 0 |a Nuevo testamento  |9 257604 
650 0 |a Evangelios  |9 314864 
650 0 |a Vida de Jesús  |9 478097 
942 |c BK  |2 ddc 
945 |d 20160708 23:22:00  |a dcastane 
952 |0 0  |1 0  |2 ddc  |3 erb  |4 0  |6 226_000000000000000_BOU_2013  |7 0  |8 A  |9 479101  |a BIBTEO  |b BIBTEO  |i 529620K  |o 226 BOU 2013  |p 529620K  |r 2025-01-17  |t 1  |w 2019-11-24  |y BK  |z Catalogado en:20160708  |k ICR